000 00339nam a2200133Ia 4500
008 240624s9999 xx 000 0 und d
041 _aeng
082 _a658.4 KIL
100 _aKILLELEA GRACE
245 _aCONFIDENCE EFFECT EVERY WOMAN S GUIDE TO
260 _c2016
_aNew York
_bAmacom
300 _axii, 212 p.; 23 cm.
365 _c
_b33
999 _c32160
_d32160